000 00244nam a2200097Ia 4500
008 240331s9999 xx 000 0 und d
082 _bDES
100 _aDe Silva, H.L
245 3 _aAn appraisal of the federal Alternative for Sri Lanka
942 _cL
999 _c2340
_d2340